| 000 | 01709nam a2200373 a 4500 | ||
|---|---|---|---|
| 001 | 0000312 | ||
| 003 | DO-SdBNP | ||
| 005 | 20180306111904.0 | ||
| 007 | 0000311 | ||
| 008 | 150130s2013 dr abc 000 0 spa d | ||
| 020 | _a978994549516X | ||
| 040 |
_aBPMSU _bspa _cBPMSU |
||
| 092 |
_a372.83 _bH557c, 4to. 2013 |
||
| 100 | 1 | _aHernández Grullón, Alejandro | |
| 245 | 1 | 0 |
_aCiencias sociales 4 : _beducación básica / _cAlejandro Hernández Grullón, Juan Ricardo Hernández; actualización Ramona Grullón. |
| 250 | _aedición revisada y actualizada , 2013 | ||
| 260 |
_aSanto Domingo : _bActualidad Escolar 2000, _c2013. |
||
| 300 |
_a168 p. : _bil., mapas retrs. ; _c28 cm. |
||
| 500 | _aEste libro ha sido realizado de acuerdo al curriculum vigente y ha sido sometido a la evaluación a aprovación del MINERD | ||
| 500 | _aEdición revisada y actualizada al 2013. | ||
| 500 | _aIncluye el "Libro del maestro" | ||
| 505 | 1 |
_tProvincias y regiones dominicanas -- _tRelieve, hidrografía y clima de las regiones de la República Dominicana -- _tNuestros primeros pobladores y la llegada de los españoles -- _tEsclavitud nativa y resistencia -- _tAsí se formó el pueblo dominicano -- |
|
| 650 | 4 |
_aCIENCIAS SOCIALES _xENSEÑANZA BÁSICA |
|
| 650 | 4 |
_aCIENCIAS SOCIALES _xEDUCACIÓN PRIMARIA |
|
| 650 | 4 |
_aEDUCACIÓN PRIMARIA _xREPÚBLICA DOMINICANA |
|
| 650 | 4 |
_aCIENCIAS SOCIALES _xLIBROS DE TEXTOS |
|
| 650 | 4 |
_aCIENCIAS SOCIALES _xESTUDIOS Y EJERCICIOS |
|
| 700 | 1 | 2 | _aHernández, Juan Ricardo |
| 700 | 1 | 2 | _aGrullón, Ramona |
| 910 | _aValidado. Control de calidad MFF | ||
| 942 |
_2ddc _cBK |
||
| 945 | _aRemanejado para la BNPHU / 2018 VM | ||
| 956 |
_aYLOCKWARD _b10 |
||
| 999 |
_c9856 _d9856 |
||